00424nam a22000977a 4500008004100000082001700041110000800058245022400066260002700290300000900317230609b xxu||||| |||| 00| 0 eng d a354.676bGOK bGOK a2007/2008 Estimates of Development Expenditure of the GOk for the Year Endeing 30th June, 2008bEstimates of further sums required to be voted for the service of the year ending 30th June, 2008cvolume 1 (Votes D01-D19) aKenyabGoKcJune, 2008 a464p